B5 performance management: study text

محفوظ في:
التفاصيل البيبلوغرافية
مؤلف مشترك: The National Board of Accountants and Auditors Tanazania (NBAA)
التنسيق: كتاب
منشور في: Dar es Salaam: National Board of Accountants and Auditors, 2019
الموضوعات:
الوسوم: إضافة وسم
لا توجد وسوم, كن أول من يضع وسما على هذه التسجيلة!

MARC

LEADER 00000nam a22000007a 4500
020 |a 9789976780857  |c Tzs 40,000/= 
082 |a 657.45076 NAT 
110 |b The National Board of Accountants and Auditors Tanazania (NBAA) 
245 |a B5 performance management:  |b study text  |c / The National Board of Accountants and Auditors Tanazania (NBAA) 
260 |a Dar es Salaam:  |b National Board of Accountants and Auditors,   |c 2019 
300 |a ca vi, 575p.:  |b ill.;  |c 30cm. 
504 |a Includes refrences 
650 |a Auditing  |v Performance management  |z Cost accounting techniques  
942 |c BK 
999 |c 18  |d 18